Movies Quiz

Random Movies or Decade Quiz
Score 0/20 Timer 10:00
3 Plays Today
% Correct
Matt Hooper (Jaws)
89.7%
Chief Bromden (One Flew Over the Cuckoo's Nest)
85.9%
Grandpa Joe (Willy Wonka & the Chocolate Factory)
75.8%
Hawkeye Pierce (M*A*S*H)
73.3%
Bob Woodward (All the President's Men)
72.2%
Sheriff Bart (Blazing Saddles)
71.7%
Sandy Olsson (Grease)
69.1%
Regan MacNeil (The Exorcist)
67.4%
Kane (Alien)
61.3%
Sal Naturale (Dog Day Afternoon)
61.3%
% Correct
Apollo Creed (Rocky)
61.2%
Sonny Corleone (The Godfather)
55.1%
Grand Moff Tarkin (Star Wars)
53%
Howard Beale (Network)
50.6%
Alex DeLarge (A Clockwork Orange)
45.6%
Photojournalist (Apocalypse Now)
43%
Jimmy 'Popeye' Doyle (The French Connection)
37.8%
Evelyn Mulwray (Chinatown)
36.2%
Barbara Jean (Nashville)
30.4%
'Wizard' (Taxi Driver)
28.7%

You're not logged in!

Compare scores with friends on all Sporcle quizzes.
OR
Log In

Sporcle TV

Today on Sporcle TV


Watch our educational content, quiz creation guides, and fun videos on Sporcle TV.

Show Comments

Extras

Top Quizzes Today


Score Distribution

Paid Content

Your Account Isn't Verified!

In order to create a playlist on Sporcle, you need to verify the email address you used during registration. Go to your Sporcle Settings to finish the process.

Report this User

Report this user for behavior that violates our Community Guidelines.

Details: